Основы проектирования и оборудование предприятий переработки природных энергоносителей / ДО 2015: электронный курс
| Autor principal: | |
|---|---|
| Autor corporatiu: | |
| Sumari: | Заглавие с экрана Курс предназначен для студентов-бакалавров направления 18.03.01 Химическая технология профиль "Химическая технология природных энергоносителей и углеродных материалов". В курсе «Основы проектирования и оборудование предприятий переработки природных энергоносителей» рассматриваются вопросы проектирования типовых аппаратов нефтепереработки и нефтехимии: колонн ректификации сложных смесей, аппаратов разделения водо-нефтяных эмульсий, теплообменного оборудования. Особое внимание уделяется расчету свойств и фазовых равновесий смесей сложного и непрерывного состава, методам расчета конструктивных размеров аппаратов, проектированию с использованием САПР. Доступ по логину и паролю |
| Idioma: | rus |
| Publicat: |
Томск, TPU Moodle, 2019
|
| Matèries: | |
| Accés en línia: | https://design.lms.tpu.ru/course/view.php?id=3055 |
| Format: | MixedMaterials Electrònic Llibre |
| KOHA link: | https://koha.lib.tpu.ru/cgi-bin/koha/opac-detail.pl?biblionumber=666029 |
MARC
| LEADER | 00000nlm0a2200000 4500 | ||
|---|---|---|---|
| 001 | 666029 | ||
| 005 | 20231220102949.0 | ||
| 035 | |a (RuTPU)RU\TPU\network\37233 | ||
| 035 | |a RU\TPU\network\16810 | ||
| 090 | |a 666029 | ||
| 100 | |a 20211130d2019 m y0rusy50 ca | ||
| 101 | 0 | |a rus | |
| 102 | |a RU | ||
| 105 | |a a j 000zy | ||
| 135 | |a jrcn ---uucaa | ||
| 181 | 0 | |a i | |
| 182 | 0 | |a b | |
| 200 | 1 | |a Основы проектирования и оборудование предприятий переработки природных энергоносителей / ДО 2015 |e электронный курс |f М. А. Самборская |g Национальный исследовательский Томский политехнический университет, Инженерная школа природных ресурсов, Отделение химической инженерии | |
| 203 | |a Текст |c электронный | ||
| 210 | |a Томск |c TPU Moodle |d 2019 | ||
| 300 | |a Заглавие с экрана | ||
| 330 | |a Курс предназначен для студентов-бакалавров направления 18.03.01 Химическая технология профиль "Химическая технология природных энергоносителей и углеродных материалов". В курсе «Основы проектирования и оборудование предприятий переработки природных энергоносителей» рассматриваются вопросы проектирования типовых аппаратов нефтепереработки и нефтехимии: колонн ректификации сложных смесей, аппаратов разделения водо-нефтяных эмульсий, теплообменного оборудования. Особое внимание уделяется расчету свойств и фазовых равновесий смесей сложного и непрерывного состава, методам расчета конструктивных размеров аппаратов, проектированию с использованием САПР. | ||
| 333 | |a Доступ по логину и паролю | ||
| 606 | 1 | |a Углеводородное сырье |x Переработка |2 stltpush |3 (RuTPU)RU\TPU\subj\72732 |9 86136 | |
| 610 | 1 | |a электронный ресурс | |
| 610 | 1 | |a труды учёных ТПУ | |
| 610 | 1 | |a электронное обучение | |
| 610 | 1 | |a электронные курсы ТПУ | |
| 610 | 1 | |a электронные учебные пособия | |
| 610 | 1 | |a учебные пособия | |
| 610 | 1 | |a дистанционное образование | |
| 610 | 1 | |a дистанционное обучение | |
| 610 | 1 | |a проектирование | |
| 610 | 1 | |a природные энергоносители | |
| 610 | 1 | |a технологическое проектирование | |
| 610 | 1 | |a массообменные процессы | |
| 610 | 1 | |a UniSim Design | |
| 610 | 1 | |a химико-технологические системы | |
| 675 | |a 665.6(075.8) |v 3 | ||
| 700 | 1 | |a Самборская |b М. А. |c химик-технолог |c доцент Томского политехнического университета, кандидат химических наук |f 1960- |g Марина Анатольевна |3 (RuTPU)RU\TPU\pers\24967 |9 11121 | |
| 712 | 0 | 2 | |a Национальный исследовательский Томский политехнический университет |b Инженерная школа природных ресурсов |b Отделение химической инженерии |3 (RuTPU)RU\TPU\col\23513 |
| 801 | 2 | |a RU |b 63413507 |c 20220607 |g RCR | |
| 856 | 4 | |u https://design.lms.tpu.ru/course/view.php?id=3055 | |
| 942 | |c CF | ||